000
00325nam a2200133Ia 4500
005
20260328104323.0
008
260328s9999||||xx |||||||||||||| ||und||
100
_a
Rispa, Raúl
245
0
_a
Barragan Obra completa /
_c
Raúl Rispa
260
_b
Tanais Ediciones
300
_a
223 p.
650
_a
ARQUITECTOS
942
_c
BK
999
_c
11401
_d
11401